|
|
|
|
| LEADER |
00000nab#a22000007a#4500 |
| 001 |
arbauad040854 |
| 003 |
AR-BaUAD |
| 005 |
20250711113213.0 |
| 008 |
991013|||||||||###||||||b###|0###a|spa|| |
| 040 |
|
|
|a AR-BaUAD
|c AR-BaUAD
|b spa
|
| 245 |
|
|
|a SchirmherrschaftAnspruchsvoll verkabeltSilikon gibt formBodennah /
|
| 300 |
0 |
|
|b fot.
|
| 653 |
|
|
|a ESPAÑA
|
| 653 |
|
|
|a ORDEIG, GABRIEL
|
| 653 |
|
|
|a TEIXIDO, GABRIEL
|
| 653 |
|
|
|a DIEZ, CRISTIAN
|
| 653 |
|
|
|a GASPAR, JOAN
|
| 653 |
|
|
|a LLUSCA, JOSEP
|
| 653 |
|
|
|a ARTEFACTOS
|
| 653 |
|
|
|a ILUMINACION
|
| 653 |
|
|
|a LAMPARAS
|
| 653 |
|
|
|a DISEÑO INDUSTRIAL
|
| 773 |
0 |
|
|t MD moebel design
|g no. 9 [1999], p. 64-69
|
| 942 |
|
|
|c ARTI
|
| 952 |
|
|
|0 0
|1 0
|4 0
|7 0
|9 85773
|a AR-BAuAD
|b AR-BAuAD
|d 2025-07-11
|l 0
|p AAQA040854
|r 2025-07-11 11:32:13
|w 2025-07-11
|y ARTI
|
| 990 |
|
|
|a DI199
|b TD
|
| 998 |
|
|
|a AAQ
|b BIBUN76
|
| 999 |
|
|
|c 65446
|d 65446
|